W jakich krajach mieszka najmniej Polaków? - Statystyki

Ogólne statystyki
  • Ten quiz został rozwiązany 127 razy
  • Średni wynik to 4 z 14
Statystyki odpowiedzi
Hint Odpowiedź % Poprawnych
11 Korea Północna
65%
50 Watykan
50%
10 Andora
45%
10 Liechtenstein
44%
100 Afganistan
41%
50 Jemen
32%
50 Pakistan
32%
100 Nigeria
22%
20 Bangladesz
20%
50 Albania
17%
50 Mauritius
14%
20 Papua - Nowa Gwinea
14%
10 Mozambik
11%
100 Nikaragua
8%
Nie znaleziono quizów pasujących do podanych kryteriów
Rozkład punktacji
Procent ludzi z każdym wynikiem
Percentyl według liczby udzielonych odpowiedzi
Twoja historia wyników
Nie rozwiązałeś tego quizu